| 000 | 01125nam a22002177a 4500 | ||
|---|---|---|---|
| 999 |
_c58454 _d58454 |
||
| 003 | Ge_BSU | ||
| 005 | 20220217142016.0 | ||
| 008 | 220217s1982 xxu||||| |||| 00| 0 geo d | ||
| 041 | _ageo | ||
| 080 | _a616.8 ზ-78 | ||
| 100 |
_aზოიძე, ა. _911705 |
||
| 245 |
_aნევროპათოლოგია : _b ნერვული სიტემის დაავადებათა კლინიკა, დიაგნოსტიკა, საექიმო-შრომითი ექსპერტიზა და მკურნალობა / _cა. ზოიძე, რედ. ე. ივანიშვილი. |
||
| 250 | _aმე-3 გადამუშ. და შევს. გამოც. | ||
| 264 |
_aთბილისი : _bგანათლება, _c1982. |
||
| 300 |
_a 543გვ. ; _c25 სმ. |
||
| 653 | _aნევროპათოლოგია | ||
| 653 | _aნერვული დაავადებები | ||
| 653 | _aმედიცინა | ||
| 700 |
_aივანიშვილი, ე _eრედაქტორი _94316 |
||
| 942 |
_2udc _cBK |
||